[Event "EU Amateur-ch"]
[Site "Ruzomberok"]
[Date "2016.06.10"]
[Round "7"]
[White "Knaperek, Pavol"]
[Black "Feco, Jan"]
[Result "0-1"]
[WhiteElo "1904"]
[BlackElo "1803"]
[PlyCount "120"]
[EventDate "2016.06.06"]
[EventType "swiss"]
[EventRounds "9"]
[EventCountry "SVK"]
[SourceTitle "CBM 172 Extra"]
[Source "ChessBase"]
[SourceDate "2016.06.21"]
[SourceVersion "1"]
[SourceVersionDate "2016.06.21"]
[SourceQuality "1"]

1. f4 d5 2. e3 Nf6 3. Nf3 Nc6 4. Bb5 Bd7 5. b3 a6 6. Bxc6 Bxc6 7. 0-0 e6 8. Bb2 Be7 9. Qe1 0-0 10. Qg3 Nh5 11. Qh3 g6 12. d3 Bd7 13. g4 Bf6 14. Nc3 Ng7 15. e4 d4 16. Ne2 c5 17. Ng3 Ne8 18. e5 Bg7 19. Ng5 h6 20. N5e4 b6 21. g5 h5 22. Nxh5 gxh5 23. Qxh5 Bc6 24. Rf3 Bxe4 25. dxe4 Nc7 26. Rh3 Re8 27. Rf1 Qd7 28. Qh7+ Kf8 29. f5 exf5 30. exf5 Rxe5 31. Rg3 Qd5 32. f6 Bxf6 33. gxf6 Ke8 34. Bc1 Rh5 35. Qg8+ Kd7 36. Qg4+ Kc6 37. Qf3 Rah8 38. Rg2 Rh3 39. Qg4 Qe6 40. Qe2 Qxe2 41. Rxe2 Nd5 42. Bf4 Rg8+ 43. Rg2 Rxg2+ 44. Kxg2 Rc3 45. Bg5 Rxc2+ 46. Rf2 Rxf2+ 47. Kxf2 Kd6 48. h4 Ke6 49. Kf3 Nxf6 50. Bf4 b5 51. Bc7 c4 52. bxc4 bxc4 53. Bb6 d3 54. Bd4 Kf5 55. Ke3 Nd5+ 56. Kd2 Kg4 57. Bf2 f5 58. a4 f4 59. a5 Nf6 60. Be1 Ne4+ 0-1

[Event "EU Amateur-ch"]
[Site "Ruzomberok"]
[Date "2016.06.07"]
[Round "2"]
[White "Gonda, Jozef"]
[Black "Knaperek, Pavol"]
[Result "0-1"]
[WhiteElo "1801"]
[BlackElo "1904"]
[PlyCount "78"]
[EventDate "2016.06.06"]
[EventType "swiss"]
[EventRounds "9"]
[EventCountry "SVK"]
[SourceTitle "CBM 172 Extra"]
[Source "ChessBase"]
[SourceDate "2016.06.21"]
[SourceVersion "1"]
[SourceVersionDate "2016.06.21"]
[SourceQuality "1"]

1. d4 e6 2. e4 d5 3. Bd3 Nf6 4. e5 Nfd7 5. Nf3 c5 6. c3 Qb6 7. 0-0 Nc6 8. Qb3 Qxb3 9. axb3 cxd4 10. cxd4 Nb4 11. Rd1 f6 12. exf6 Nxf6 13. Nc3 Nxd3 14. Rxd3 Bd7 15. Ne5 a6 16. Bg5 Rc8 17. h3 Bd6 18. Re1 b5 19. Bxf6 gxf6 20. Ng4 0-0 21. Ra1 b4 22. Nd1 Bb5 23. Rf3 Kg7 24. Re3 Rce8 25. g3 e5 26. dxe5 fxe5 27. h4 h5 28. Nh2 e4 29. Re1 d4 30. Kg2 Bc5 31. g4 e3 32. gxh5 e2 33. Ng4 d3 34. Nde3 d2 35. Rg1 Bc6+ 36. Kh3 Rf3+ 37. Rg3 Rxg3+ 38. fxg3 e1Q 39. Nf5+ Kf8 0-1

[Event "EU Amateur-ch"]
[Site "Ruzomberok"]
[Date "2016.06.07"]
[Round "3"]
[White "Knaperek, Pavol"]
[Black "Gasper, Jaroslav"]
[Result "1-0"]
[WhiteElo "1904"]
[BlackElo "1825"]
[PlyCount "79"]
[EventDate "2016.06.06"]
[EventType "swiss"]
[EventRounds "9"]
[EventCountry "SVK"]
[SourceTitle "CBM 172 Extra"]
[Source "ChessBase"]
[SourceDate "2016.06.21"]
[SourceVersion "1"]
[SourceVersionDate "2016.06.21"]
[SourceQuality "1"]

1. f4 d5 2. e3 c5 3. d4 e6 4. c3 Nf6 5. Bd3 Nc6 6. Nf3 Qc7 7. 0-0 Bd7 8. Ne5 g5 9. Nxf7 g4 10. Ne5 0-0-0 11. Nf7 Bd6 12. Qe1 Be7 13. Nd2 h5 14. Qf2 h4 15. Nxh8 Rxh8 16. e4 cxd4 17. e5 Nh5 18. cxd4 Nxd4 19. Nb3 Nc6 20. Be3 g3 21. hxg3 hxg3 22. Qf3 Be8 23. Rfc1 Kd8 24. Nd4 Nxd4 25. Bxd4 Bc6 26. Bg6 Ng7 27. Qxg3 Bh4 28. Qa3 a6 29. Qe3 Kd7 30. g4 Be7 31. f5 Rh4 32. Qf3 Bg5 33. f6 Bxf6 34. Qxf6 Rxg4+ 35. Kf2 Qa5 36. Qxg7+ Kd8 37. Qf8+ Kc7 38. Qd6+ Kc8 39. Qxe6+ Kb8 40. Qxg4 1-0

[Event "SVK-chT2C 10/11"]
[Site "Slovakia"]
[Date "2010.10.23"]
[Round "1.4"]
[White "Urbanik, Lukas"]
[Black "Knaperek, Pavol"]
[Result "1-0"]
[WhiteElo "1836"]
[BlackElo "1991"]
[PlyCount "61"]
[EventDate "2010.10.23"]
[EventType "team-tourn"]
[EventRounds "11"]
[EventCountry "SVK"]
[SourceTitle "EXT 2019"]
[Source "ChessBase"]
[SourceDate "2018.10.10"]
[SourceVersion "1"]
[SourceVersionDate "2018.10.10"]
[SourceQuality "1"]
[WhiteTeam "Cadca Caissa"]
[BlackTeam "Dolny Kubin"]
[WhiteTeamCountry "SVK"]
[BlackTeamCountry "SVK"]

1. e4 e6 2. d4 d5 3. Nc3 Nf6 4. e5 Nfd7 5. f4 c5 6. Nf3 Nc6 7. Be3 Qb6 8. Na4 Qa5+ 9. c3 cxd4 10. b4 Qc7 11. Nxd4 a6 12. Bd3 b5 13. Nb2 Nb6 14. 0-0 Nc4 15. Nxc4 dxc4 16. Bc2 Bb7 17. Qe2 Ne7 18. a4 Nd5 19. Bd2 Qb6 20. a5 Qa7 21. Kh1 g6 22. f5 gxf5 23. Nxf5 exf5 24. Bxf5 Rg8 25. e6 f6 26. Qh5+ Kd8 27. Rad1 Rxg2 28. Be4 Rxd2 29. Rxd2 Qe3 30. Rxd5+ Bxd5 31. Qxd5+ 1-0

[Event "SVK-chT2C 0910"]
[Site "Slovakia"]
[Date "2009.10.11"]
[Round "2.5"]
[White "Knaperek, Pavol"]
[Black "Kollar, Vladimir"]
[Result "1-0"]
[WhiteElo "1994"]
[BlackElo "2091"]
[PlyCount "91"]
[EventDate "2009.10.10"]
[EventType "team-tourn"]
[EventRounds "11"]
[EventCountry "SVK"]
[SourceTitle "EXT 2011"]
[Source "ChessBase"]
[SourceDate "2010.11.26"]
[SourceVersion "1"]
[SourceVersionDate "2010.11.26"]
[SourceQuality "1"]
[WhiteTeam "Dolny Kubin"]
[BlackTeam "Zilina Central"]
[WhiteTeamCountry "SVK"]
[BlackTeamCountry "SVK"]

1. f4 e5 2. fxe5 d6 3. exd6 Bxd6 4. Nf3 g5 5. e4 g4 6. Bc4 gxf3 7. Qxf3 Qf6 8. d4 Qxf3 9. gxf3 Nc6 10. c3 Na5 11. Bd3 Be7 12. Bf4 Bd8 13. Nd2 Ne7 14. Rg1 Ng6 15. Bh6 Bh4+ 16. Ke2 Nc6 17. f4 Bd7 18. f5 Nf8 19. Nf3 Be7 20. Bg7 Rg8 21. d5 Nd8 22. e5 Bc5 23. Nd4 a6 24. Ke3 c6 25. c4 cxd5 26. cxd5 Bb5 27. Be4 Rc8 28. Bxf8 Rxg1 29. Rxg1 Kxf8 30. f6 Bb6 31. Bxh7 Bxd4+ 32. Kxd4 Rc4+ 33. Ke3 Ke8 34. Rg8+ Kd7 35. Bf5+ Kc7 36. d6+ Kc6 37. Rxd8 Kd5 38. d7 Bxd7 39. Rxd7+ Kxe5 40. Bd3 Rh4 41. Rxf7 Rh3+ 42. Kd2 Rxh2+ 43. Kc3 b5 44. a3 Rf2 45. Re7+ Kxf6 46. Rb7 1-0

[Event "SVK-chT2C 0809"]
[Site "Slovakia"]
[Date "2009.03.01"]
[Round "11.1"]
[White "Knaperek, Pavol"]
[Black "Holubcik, Marian"]
[Result "1-0"]
[WhiteElo "2006"]
[BlackElo "2006"]
[PlyCount "81"]
[EventDate "2008.10.11"]
[EventType "team-tourn"]
[EventRounds "11"]
[EventCountry "SVK"]
[SourceTitle "EXT 2010"]
[Source "ChessBase"]
[SourceDate "2010.11.25"]
[SourceVersion "1"]
[SourceVersionDate "2010.11.25"]
[SourceQuality "1"]
[WhiteTeam "Dolny Kubin"]
[BlackTeam "Zilina Mladost II"]
[WhiteTeamCountry "SVK"]
[BlackTeamCountry "SVK"]

1. f4 d5 2. e3 Nf6 3. d4 Bf5 4. Nf3 e6 5. Be2 Be7 6. 0-0 0-0 7. Ne5 c5 8. g4 Be4 9. Nd2 Nc6 10. g5 Nd7 11. Nxc6 bxc6 12. Nxe4 dxe4 13. Bg4 Qc7 14. Qe2 h6 15. h4 hxg5 16. hxg5 f5 17. Bh5 g6 18. Bxg6 Kg7 19. Bh5 Rh8 20. Kg2 Rh7 21. Bd2 Rah8 22. Rh1 cxd4 23. exd4 Bd6 24. Raf1 Nf8 25. c4 Ng6 26. Bxg6 Kxg6 27. Qf2 Bf8 28. Bc3 Bg7 29. Rxh7 Rxh7 30. Rh1 Rxh1 31. Kxh1 c5 32. d5 Bxc3 33. bxc3 exd5 34. cxd5 c4 35. Qh4 Qa5 36. Qh6+ Kf7 37. Qf6+ Kg8 38. Qe6+ Kg7 39. g6 Qc7 40. d6 Qb7 41. Qe7+ 1-0

[Event "Tatry op"]
[Site "Tatranske Zruby"]
[Date "2006.09.25"]
[Round "4"]
[White "Garancovsky, Pavol"]
[Black "Knaperek, Pavol"]
[Result "1/2-1/2"]
[WhiteElo "2151"]
[BlackElo "2031"]
[PlyCount "94"]
[EventDate "2006.09.23"]
[EventType "swiss"]
[EventRounds "9"]
[EventCountry "SVK"]
[SourceTitle "CBM 114 Extra"]
[Source "ChessBase"]
[SourceDate "2006.11.03"]
[SourceVersion "1"]
[SourceVersionDate "2006.11.03"]
[SourceQuality "1"]

1. d4 e6 2. g3 d5 3. Bg2 f5 4. Nf3 Bd6 5. c4 c6 6. 0-0 Nf6 7. Ne5 0-0 8. Bg5 Nbd7 9. Nxd7 Bxd7 10. Nd2 Qe8 11. e3 Ne4 12. Bf4 Nxd2 13. Qxd2 Bxf4 14. gxf4 Qh5 15. Qd1 Qh4 16. Qf3 dxc4 17. Rfc1 b5 18. b3 cxb3 19. axb3 a5 20. Qg3 Qe7 21. h4 a4 22. bxa4 Rxa4 23. Rab1 Rf6 24. h5 Be8 25. Qg5 Qd6 26. Bf3 Ra7 27. Rc5 Rf8 28. Rbc1 b4 29. Rb1 Rb7 30. Rb3 h6 31. Qg2 Rb6 32. Qf1 Bf7 33. Qc1 Rc8 34. Kf1 Qc7 35. Rb2 Qb7 36. Ke1 Kh7 37. Qc2 Be8 38. d5 b3 39. Qc3 exd5 40. Bxd5 Bxh5 41. Rxb3 Rxb3 42. Qxb3 Qd7 43. Be6 Qd6 44. Bxf5+ g6 45. Bxc8 Qxc5 46. Qf7+ Kh8 47. Qf6+ Kh7 1/2-1/2

[Event "Tatry op"]
[Site "Tatranske Zruby"]
[Date "2006.09.23"]
[Round "1"]
[White "Knaperek, Pavol"]
[Black "Markos, Jan"]
[Result "0-1"]
[WhiteElo "2031"]
[BlackElo "2526"]
[PlyCount "88"]
[EventDate "2006.09.23"]
[EventType "swiss"]
[EventRounds "9"]
[EventCountry "SVK"]
[SourceTitle "CBM 114 Extra"]
[Source "ChessBase"]
[SourceDate "2006.11.03"]
[SourceVersion "1"]
[SourceVersionDate "2006.11.03"]
[SourceQuality "1"]

1. f4 Nf6 2. e3 g6 3. d4 Bg7 4. Bd3 0-0 5. Nf3 d6 6. 0-0 Nc6 7. c3 e5 8. Nbd2 Re8 9. fxe5 dxe5 10. Bc4 Be6 11. Nxe5 Nxe5 12. dxe5 Nd7 13. Bxe6 Rxe6 14. Nf3 Nxe5 15. e4 Qe7 16. Bg5 Qc5+ 17. Nd4 Nc4 18. Qf3 Rf8 19. Be3 Nxe3 20. Qxe3 Rfe8 21. Qf2 Rf6 22. Qe3 Rd6 23. Qf3 Re7 24. Rad1 Bxd4+ 25. cxd4 Rxd4 26. Qf2 Rc4 27. Rd5 Qxf2+ 28. Rxf2 Rcxe4 29. Rfd2 Kg7 30. Kf2 h5 31. Ra5 a6 32. Ra3 h4 33. Rb3 c5 34. Kf3 g5 35. g3 g4+ 36. Kf2 h3 37. Rc3 R7e5 38. Rc1 c4 39. Rdc2 b5 40. b3 c3 41. Rxc3 Re2+ 42. Kf1 Rxh2 43. R1c2 Rh1+ 44. Kf2 Ree1 0-1

[Event "Tatry op"]
[Site "Tatranske Zruby"]
[Date "2005.09.15"]
[Round "7"]
[White "Knaperek, Pavol"]
[Black "Lukac, Roman"]
[Result "0-1"]
[WhiteElo "2052"]
[BlackElo "2143"]
[PlyCount "76"]
[EventDate "2005.09.10"]
[EventType "swiss"]
[EventRounds "9"]
[EventCountry "SVK"]
[SourceTitle "CBM 108 Extra"]
[Source "ChessBase"]
[SourceDate "2005.11.04"]
[SourceVersion "1"]
[SourceVersionDate "2005.11.04"]
[SourceQuality "1"]

1. d4 Nf6 2. e3 d6 3. f4 c6 4. Bd3 Qc7 5. Nf3 Nbd7 6. c3 e5 7. Nbd2 Be7 8. 0-0 exf4 9. exf4 0-0 10. Ng5 h6 11. Nh3 c5 12. Nf3 Re8 13. Nf2 a6 14. g4 Nh7 15. g5 hxg5 16. fxg5 Ndf8 17. h4 d5 18. Ne5 f6 19. Qh5 fxe5 20. Bxh7+ Nxh7 21. Qxe8+ Nf8 22. Nd3 Bf5 23. Qxa8 Bxd3 24. Rf2 cxd4 25. cxd4 Qd7 26. Bd2 Qg4+ 27. Kh2 Qxh4+ 28. Kg1 Qg4+ 29. Kh2 Qxd4 30. Kg3 e4 31. Bf4 Bc5 32. Rh2 Be2 33. Rxe2 Qd3+ 34. Re3 Bxe3 35. Bxe3 Qxe3+ 36. Kh4 Qf4+ 37. Kh3 Qf3+ 38. Kh4 Kh7 0-1